000 00855nam a2200253Ia 4500
003 OSt
005 20220923223440.0
006 a|||||r|||| 00| 0
007 ta
008 220922b |||||||| |||| 00| 0 hin d
024 _a215,682
037 _cTextual
040 _aARTS
_cARTS
_bhin
041 _2hin
_ahin
082 _aO152,1I89:g, P1
100 _aशर्मा, रमानन्द
_9156279
245 0 _aरीतिकालीन कवि
_b सेनापति
246 _aRītikālīn kavi: senāpati
260 _aगाजियाबाद
_b के. एल. पचौरी प्रका0
_c2001
300 _a266 पृ.
_ccm.
650 _aहिन्दी साहित्य
_9156264
942 _hO152,1I89:g, P1
_cTEXL
_2CC
999 _c365366
_d365366